|
|
|
|
| LEADER |
00000naa2a2200000 4500 |
| 001 |
171654 |
| 005 |
20231031164035.0 |
| 035 |
|
|
|a (RuTPU)RU\TPU\book\186113
|
| 035 |
|
|
|a RU\TPU\tpu\4277
|
| 090 |
|
|
|a 171654
|
| 100 |
|
|
|a 20091207d1964 u y0rusy50 ca
|
| 101 |
0 |
|
|a rus
|
| 102 |
|
|
|a RU
|
| 200 |
1 |
|
|a Импульсный электрический пробой воздуха и водяного пара при повышенных давлениях
|f А. А. Воробьёв [и др.]
|
| 463 |
|
0 |
|0 (RuTPU)RU\TPU\book\97092
|t Пробой диэлектриков и полупроводников
|o сборник докладов 4 Межвузовской конференции по пробою диэлектриков и полупроводников, г. томск, 11-16 февраля 1963 г.
|f под ред. А. А. Воробьева
|v С. 103-106
|d 1964
|p 364 с.
|
| 610 |
1 |
|
|a электричество
|
| 610 |
1 |
|
|a труды учёных ТПУ
|
| 610 |
1 |
|
|a диэлектрики
|
| 610 |
1 |
|
|a пробой
|
| 701 |
|
1 |
|a Воробьев
|b А. А.
|c российский физик
|c ректор Томского политехнического института, профессор
|f 1909-1981
|g Александр Акимович
|2 stltpush
|3 (RuTPU)RU\TPU\pers\12805
|4 070
|
| 701 |
|
1 |
|a Каляцкий
|b И. И.
|c российский электротехник
|c ректор Томского политехнического института в 1970-1984, профессор
|f 1927-2005
|g Иван Иванович
|2 stltpush
|3 (RuTPU)RU\TPU\pers\14030
|4 070
|
| 701 |
|
1 |
|a Кривко
|b В. В.
|4 070
|
| 701 |
|
1 |
|a Чепиков
|b А. Т.
|c российский ученый, специалист в области энергетики
|c профессор Томского политехнического университета
|f 1924-1999
|g Александр Тимофеевич
|2 stltpush
|3 (RuTPU)RU\TPU\pers\19883
|4 070
|
| 801 |
|
0 |
|a RU
|b 63413507
|c 20011210
|g PSBO
|
| 801 |
|
2 |
|a RU
|b 63413507
|c 20091217
|g PSBO
|
| 942 |
|
|
|c BK
|